000 01111cad a22002535a 4500
001 E147850
008 090624s2009 xxkd f 000 0 eng d
035 _a(Sirsi) u147850
041 0 _aeng
050 0 4 _a333.33 $2 18
100 1 _aTopintzi, Ermina
245 0 0 _aGlobal real estate investment and performance 2008 and 2009
_h[electronic resource]
260 _aLondon
_bRREEF
_c2009
505 2 _aIntroduction -- 2008: the year the property world turned upside down -- 2009: a challenging year ahead -- Scenarios: preparing for quick and unexpected change -- Conclusions -- Appendix: construction of aggregate return series -- Important disclosure
520 _aDiscusses real estate investment activity over 2008 and 2009, using three different scenarios to examine the outlook for 2009 and beyond.
521 _aAdvanced
590 _aKA
651 4 _aInternational
690 _aPROPERTY-COMMERCIAL PROPERTY-COMMERCIAL PROPERTY MARKET
700 1 _aHobbs, Peter
700 1 _aChin, Henry
856 4 0 _uhttps://www.rreef.com
_zView the report free of charge at www.rreef.com...
942 _n0
999 _c109749
_d109749